[Event "HUN-chT2 Toth 1718"]
[Site "Hungary"]
[Date "2018.01.28"]
[Round "7.4"]
[White "Karsai, Istvan"]
[Black "Salanki, Endre"]
[Result "1/2-1/2"]
[WhiteElo "2066"]
[BlackElo "2155"]
[PlyCount "41"]
[EventDate "2017.09.24"]
[EventType "team-tourn"]
[EventRounds "11"]
[EventCountry "HUN"]
[SourceTitle "EXT 2021"]
[Source "ChessBase"]
[SourceDate "2020.10.23"]
[SourceVersion "1"]
[SourceVersionDate "2020.10.23"]
[SourceQuality "1"]
[WhiteTeam "Felegyhaza Csongrad"]
[BlackTeam "Kecskemet Takisz"]
[WhiteTeamCountry "HUN"]
[BlackTeamCountry "HUN"]

1. e4 c5 2. Nc3 Nc6 3. g3 g6 4. Bg2 Bg7 5. d3 d6 6. Be3 Rb8 7. Qd2 b5 8. Nge2 b4 9. Nd1 e5 10. 0-0 Nge7 11. Bh6 0-0 12. Bxg7 Kxg7 13. c3 Ba6 14. Ne3 Qd7 15. g4 f6 16. Ng3 Qb7 17. c4 Nd4 18. b3 Qd7 19. h4 Bb7 20. f3 a5 21. f4 1/2-1/2

[Event "HUN-chT2 Toth 1718"]
[Site "Hungary"]
[Date "2017.10.29"]
[Round "3.4"]
[White "Salanki, Endre"]
[Black "Visnyei, Illes"]
[Result "0-1"]
[WhiteElo "2155"]
[BlackElo "2009"]
[PlyCount "84"]
[EventDate "2017.09.24"]
[EventType "team-tourn"]
[EventRounds "11"]
[EventCountry "HUN"]
[SourceTitle "EXT 2021"]
[Source "ChessBase"]
[SourceDate "2020.10.23"]
[SourceVersion "1"]
[SourceVersionDate "2020.10.23"]
[SourceQuality "1"]
[WhiteTeam "Kecskemet Takisz"]
[BlackTeam "Bekes"]
[WhiteTeamCountry "HUN"]
[BlackTeamCountry "HUN"]

1. c4 e6 2. Nf3 d5 3. d4 c6 4. e3 Bd6 5. Bd3 f5 6. cxd5 cxd5 7. 0-0 Nf6 8. Nc3 a6 9. Ne5 Nc6 10. f4 Bd7 11. a3 b5 12. Bd2 0-0 13. Rc1 Qb6 14. Nxd7 Nxd7 15. Qf3 Nf6 16. Bxf5 Nxd4 17. Bxe6+ Nxe6 18. Nxd5 Qd8 19. Rfd1 Ne8 20. Nb4 N8c7 21. Nc6 Qe8 22. Ba5 Be7 23. Nxe7+ Qxe7 24. Bb4 Qf6 25. Bxf8 Rxf8 26. Rc2 Qg6 27. Qe2 Qe4 28. Qd3 Qb7 29. Qb3 Kh8 30. Rd7 Qb6 31. g3 Nc5 32. Qc3 Nxd7 33. Qxc7 Qxe3+ 34. Kg2 Nf6 35. Qb7 h5 36. Rc8 Qd2+ 37. Kh3 Qd6 38. Rc6 Qd5 39. Qxa6 Qd7+ 40. Kg2 Qd2+ 41. Kg1 Ng4 42. Qb6 Re8 0-1

[Event "HUN-chT2 Toth 1718"]
[Site "Hungary"]
[Date "2017.09.24"]
[Round "1.4"]
[White "Salanki, Endre"]
[Black "Miszler, Levente"]
[Result "1/2-1/2"]
[WhiteElo "2155"]
[BlackElo "1989"]
[PlyCount "73"]
[EventDate "2017.09.24"]
[EventType "team-tourn"]
[EventRounds "11"]
[EventCountry "HUN"]
[SourceTitle "EXT 2021"]
[Source "ChessBase"]
[SourceDate "2020.10.23"]
[SourceVersion "1"]
[SourceVersionDate "2020.10.23"]
[SourceQuality "1"]
[WhiteTeam "Kecskemet Takisz"]
[BlackTeam "Kecskemet Toth Laszlo II"]
[WhiteTeamCountry "HUN"]
[BlackTeamCountry "HUN"]

1. c4 Nf6 2. Nc3 g6 3. e4 d6 4. g3 Bg7 5. Bg2 0-0 6. Nge2 Nc6 7. 0-0 e5 8. h3 Nh5 9. d3 f5 10. exf5 gxf5 11. Nd5 Ne7 12. Bg5 Nf6 13. Nxf6+ Bxf6 14. Bxf6 Rxf6 15. f4 c6 16. Qd2 Be6 17. Kh2 Qc7 18. Rae1 Ng6 19. Qc3 Raf8 20. a3 h5 21. h4 Qg7 22. Qd2 Kh8 23. Rg1 Qh6 24. Ref1 d5 25. cxd5 cxd5 26. Qa5 e4 27. dxe4 dxe4 28. Rc1 a6 29. Qd2 Ne5 30. Rgd1 Ng4+ 31. Kg1 Bb3 32. Re1 Kg8 33. Bh3 Rd6 34. Qb4 Rb6 35. Qd4 Rd6 36. Qb4 Rb6 37. Qd4 1/2-1/2

[Event "HUN-chT2 Toth 1617"]
[Site "Hungary"]
[Date "2016.12.11"]
[Round "6.3"]
[White "Kecskemeti, Arpad"]
[Black "Salanki, Endre"]
[Result "0-1"]
[WhiteElo "2157"]
[BlackElo "2149"]
[PlyCount "84"]
[EventDate "2016.09.25"]
[EventType "team-tourn"]
[EventRounds "11"]
[EventCountry "HUN"]
[SourceTitle "EXT 2021"]
[Source "ChessBase"]
[SourceDate "2020.10.23"]
[SourceVersion "1"]
[SourceVersionDate "2020.10.23"]
[SourceQuality "1"]
[WhiteTeam "Mako Duocor II"]
[BlackTeam "Kecskemet Takisz"]
[WhiteTeamCountry "HUN"]
[BlackTeamCountry "HUN"]

1. e4 c5 2. Nf3 d6 3. d4 cxd4 4. Nxd4 Nf6 5. Nc3 a6 6. Be3 e6 7. Bd3 b5 8. a3 Bb7 9. f4 Nbd7 10. 0-0 Be7 11. g4 Nc5 12. Qf3 0-0 13. g5 Nfd7 14. h4 Rc8 15. Qg3 Kh8 16. Nf3 Nb6 17. h5 d5 18. e5 Ne4 19. Bxe4 dxe4 20. Rad1 Qc7 21. Nd4 Nc4 22. Nce2 Nxb2 23. Rb1 Nc4 24. Rf2 Nxa3 25. Rbf1 Nc4 26. g6 Nxe3 27. Qxe3 h6 28. gxf7 Bc5 29. Kh2 Qxf7 30. Qh3 e3 31. Qxe3 Qxh5+ 32. Kg3 Bb6 33. c3 Bd5 34. Rh2 Qg6+ 35. Kf2 b4 36. Rg1 Qh7 37. cxb4 Rc2 38. Kg3 Rfc8 39. Rf2 R8c4 40. Rd1 Qg6+ 41. Kh2 Qg4 42. Qg3 Qh5+ 0-1

[Event "HUN-chT2 Toth 1617"]
[Site "Hungary"]
[Date "2016.10.30"]
[Round "3.3"]
[White "Salanki, Endre"]
[Black "Kiss, Balazs Janos"]
[Result "1-0"]
[WhiteElo "2149"]
[BlackElo "1965"]
[PlyCount "55"]
[EventDate "2016.09.25"]
[EventType "team-tourn"]
[EventRounds "11"]
[EventCountry "HUN"]
[SourceTitle "EXT 2021"]
[Source "ChessBase"]
[SourceDate "2020.10.23"]
[SourceVersion "1"]
[SourceVersionDate "2020.10.23"]
[SourceQuality "1"]
[WhiteTeam "Kecskemet Takisz"]
[BlackTeam "Szeged Meritum"]
[WhiteTeamCountry "HUN"]
[BlackTeamCountry "HUN"]

1. c4 e6 2. d4 c5 3. d5 Nf6 4. Nc3 exd5 5. cxd5 d6 6. e4 Be7 7. Nf3 0-0 8. Nd2 Re8 9. Be2 a6 10. a4 Nbd7 11. 0-0 Ne5 12. h3 Bd7 13. f4 Ng6 14. a5 b5 15. axb6 Qxb6 16. Nc4 Qb8 17. Ra3 Bd8 18. Rb3 Qc7 19. e5 dxe5 20. fxe5 Nxe5 21. Bf4 Nxc4 22. Bxc7 Ne3 23. Qa1 Nxf1 24. Bxd8 Ng3 25. Bxf6 Nxe2+ 26. Nxe2 Rxe2 27. Rg3 g6 28. Qc1 1-0

[Event "HUN-chT2 Toth 1415"]
[Site "Hungary"]
[Date "2015.02.08"]
[Round "8.1"]
[White "Levay, Sorin"]
[Black "Salanki, Endre"]
[Result "1/2-1/2"]
[WhiteElo "2327"]
[BlackElo "2226"]
[PlyCount "119"]
[EventDate "2014.09.07"]
[EventType "team-tourn"]
[EventRounds "11"]
[EventCountry "HUN"]
[SourceTitle "EXT 2016"]
[Source "ChessBase"]
[SourceDate "2015.10.08"]
[SourceVersion "1"]
[SourceVersionDate "2015.10.08"]
[SourceQuality "1"]
[WhiteTeam "Karcag"]
[BlackTeam "Toth Laszlo"]
[WhiteTeamCountry "HUN"]
[BlackTeamCountry "HUN"]

1. g3 c6 2. Bg2 d5 3. Nf3 Bf5 4. d3 e6 5. 0-0 Nf6 6. Nbd2 Be7 7. b3 0-0 8. Bb2 Nbd7 9. Qe1 Bg6 10. e4 a5 11. a3 a4 12. b4 c5 13. bxc5 dxe4 14. Nxe4 Bxe4 15. dxe4 Nxc5 16. Ne5 Qc7 17. Qe2 Rfc8 18. Kh1 Ncd7 19. Nxd7 Nxd7 20. Rfc1 Nb6 21. Qg4 Bf8 22. Bd4 Nc4 23. f4 Rd8 24. Rd1 Nxa3 25. c3 Nc4 26. e5 Rab8 27. Re1 b5 28. f5 Qd7 29. Be4 Nd2 30. Bg2 exf5 31. Qf4 Nb3 32. Rad1 a3 33. Qf2 Qe6 34. g4 fxg4 35. Be4 g6 36. Bb1 Nxd4 37. cxd4 b4 38. Qg2 b3 39. d5 Qe8 40. Be4 Bg7 41. d6 Qa4 42. Bd5 a2 43. Bxf7+ Kh8 44. Qd5 Qa8 45. Qxa8 Rxa8 46. Bxb3 Bxe5 47. Bxa2 Rxd6 48. Bd5 Ra1 49. Rxa1 Bxa1 50. Bb3 Bc3 51. Re3 Bd2 52. Re4 h5 53. Re6 Rxe6 54. Bxe6 Kg7 55. Kg2 Kf6 56. Bd7 Kg5 57. Be8 Bf4 58. h3 gxh3+ 59. Kxh3 Bb8 60. Bxg6 1/2-1/2

[Event "HUN-chT2 Maroczy 1415"]
[Site "Hungary"]
[Date "2015.01.25"]
[Round "5"]
[White "Pribelszky, Bence"]
[Black "Salanki, Endre"]
[Result "1-0"]
[WhiteElo "1890"]
[BlackElo "2226"]
[PlyCount "115"]
[EventDate "2014.10.12"]
[EventType "team-tourn"]
[EventRounds "9"]
[EventCountry "HUN"]
[SourceTitle "EXT 2016"]
[Source "ChessBase"]
[SourceDate "2015.10.08"]
[SourceVersion "1"]
[SourceVersionDate "2015.10.08"]
[SourceQuality "1"]
[WhiteTeam "Miskolc KisBocsok"]
[BlackTeam "TLSE"]
[WhiteTeamCountry "HUN"]
[BlackTeamCountry "HUN"]

1. e4 c5 2. Nf3 d6 3. d4 cxd4 4. Nxd4 Nf6 5. Nc3 a6 6. Bc4 e6 7. Bb3 Qc7 8. 0-0 Be7 9. f4 0-0 10. f5 e5 11. Nde2 b5 12. Bg5 Ng4 13. Ng3 Qa7+ 14. Kh1 Nf2+ 15. Rxf2 Bxg5 16. Rf1 Nd7 17. Qg4 h6 18. Nh5 Kh8 19. Nd5 Rg8 20. h4 Bd8 21. Rf3 Nf8 22. Rg3 Ng6 23. Nxg7 Rxg7 24. Qh5 Qf2 25. Rxg6 Qxh4+ 26. Qxh4 Bxh4 27. Rxh6+ Rh7 28. Rxh7+ Kxh7 29. Rd1 Bb7 30. c4 Kg7 31. g4 Bf2 32. cxb5 axb5 33. Rd2 Bd4 34. Rh2 Rc8 35. f6+ Kg6 36. Ne7+ Kxf6 37. Nxc8 Bxe4+ 38. Rg2 d5 39. Nd6 Bxg2+ 40. Kxg2 Bxb2 41. Bxd5 Kg5 42. Kf3 f6 43. Be4 b4 44. Kg3 Kh6 45. Kh4 Bc1 46. Nf5+ Kg6 47. Ne7+ Kf7 48. Nd5 Bd2 49. Bf5 Be1+ 50. Kh3 Kg7 51. Kg2 Kh6 52. Nxf6 Kg5 53. Nd5 e4 54. Kf1 Bc3 55. Nxc3 bxc3 56. Bxe4 Kxg4 57. Ke2 Kf4 58. Bc2 1-0

[Event "HUN-chT2 Toth 1314"]
[Site "Hungary"]
[Date "2014.02.02"]
[Round "6.5"]
[White "Salanki, Endre"]
[Black "Dancza, Janos"]
[Result "0-1"]
[WhiteElo "2246"]
[BlackElo "1978"]
[PlyCount "128"]
[EventDate "2013.09.08"]
[EventType "team-tourn"]
[EventRounds "11"]
[EventCountry "HUN"]
[SourceTitle "EXT 2016"]
[Source "ChessBase"]
[SourceDate "2015.10.08"]
[SourceVersion "1"]
[SourceVersionDate "2015.10.08"]
[SourceQuality "1"]
[WhiteTeam "Toth Laszlo II"]
[BlackTeam "Abony"]
[WhiteTeamCountry "HUN"]
[BlackTeamCountry "HUN"]

1. c4 Nf6 2. Nc3 g6 3. e4 d6 4. g3 c5 5. Bg2 Nc6 6. d3 Bg7 7. Nge2 0-0 8. 0-0 a6 9. a3 Rb8 10. Rb1 b5 11. cxb5 axb5 12. b4 cxb4 13. axb4 Bd7 14. h3 Qc8 15. Kh2 Ne8 16. Bg5 h6 17. Be3 e5 18. Qd2 Kh7 19. f4 Nd4 20. Nd5 Nxe2 21. Qxe2 Be6 22. f5 Bxd5 23. exd5 g5 24. Rfc1 Qd7 25. Ra1 Nf6 26. g4 Ra8 27. Ra5 Rfc8 28. Rc6 Rab8 29. Ra7 Qe8 30. Rxd6 e4 31. Bf2 exd3 32. Qxd3 Rc3 33. Qd4 Nxg4+ 34. Qxg4 Be5+ 35. Kg1 Rc1+ 36. Bf1 Bxd6 37. Qh5 Rc7 38. Rxc7 Bxc7 39. f6 Qf8 40. Bc5 Bb6 41. Kg2 Bxc5 42. bxc5 Ra8 43. Qf3 Ra2+ 44. Kg3 Qxc5 45. Qe4+ Kg8 46. Qe8+ Qf8 47. Qxf8+ Kxf8 48. Bxb5 Rd2 49. Bc6 Rd4 50. Kf3 Rf4+ 51. Ke3 Rxf6 52. Ke4 Ke7 53. Ke5 Rf4 54. d6+ Kd8 55. Bb5 Rf3 56. Bc4 f6+ 57. Ke6 h5 58. Bd5 Rf4 59. Bc6 h4 60. Bd5 g4 61. hxg4 h3 62. Bb7 h2 63. Bc6 Rxg4 64. Kxf6 Rg1 0-1

[Event "HUN-chT2 Maroczy 1314"]
[Site "Hungary"]
[Date "2013.08.22"]
[Round "2"]
[White "Salanki, Endre"]
[Black "Kovacs, Arthur"]
[Result "1-0"]
[WhiteElo "2246"]
[BlackElo "1997"]
[PlyCount "87"]
[EventDate "2013.09.08"]
[EventType "team-tourn"]
[EventRounds "11"]
[EventCountry "HUN"]
[SourceTitle "EXT 2016"]
[Source "ChessBase"]
[SourceDate "2015.10.08"]
[SourceVersion "1"]
[SourceVersionDate "2015.10.08"]
[SourceQuality "1"]
[WhiteTeam "Toth Laszlo"]
[BlackTeam "Mako II"]
[WhiteTeamCountry "HUN"]
[BlackTeamCountry "HUN"]

1. c4 Nf6 2. Nc3 e6 3. e4 d5 4. e5 d4 5. exf6 dxc3 6. bxc3 Qxf6 7. d4 e5 8. Qe2 Nc6 9. d5 Nb8 10. Nf3 Bd6 11. Qb2 0-0 12. Be3 b6 13. Be2 Na6 14. Nd2 Qg6 15. h4 f5 16. h5 Qf6 17. f3 Bc5 18. Bxc5 Nxc5 19. Nb3 Na4 20. Qd2 Qd6 21. h6 g6 22. Rd1 Bd7 23. Qe3 Rae8 24. Qc1 Nc5 25. Kf1 Nxb3 26. axb3 a5 27. Qb2 f4 28. b4 axb4 29. cxb4 Re7 30. Qc3 Qf6 31. Qb3 Kh8 32. c5 bxc5 33. bxc5 e4 34. d6 cxd6 35. Rxd6 Be6 36. Qd1 exf3 37. Bxf3 Qe5 38. Qd4 Qxd4 39. Rxd4 Rb8 40. Rxf4 Rb1+ 41. Kf2 Rb2+ 42. Kg3 Kg8 43. Re1 Rb3 44. Rf6 1-0

[Event "HUN-chT 1112"]
[Site "Hungary"]
[Date "2012.05.06"]
[Round "10"]
[White "Szabo, Krisztian"]
[Black "Salanki, Endre"]
[Result "1-0"]
[WhiteElo "2546"]
[BlackElo "2286"]
[PlyCount "59"]
[EventDate "2011.09.25"]
[EventType "team-tourn"]
[EventRounds "11"]
[EventCountry "HUN"]
[SourceTitle "EXT 2013"]
[Source "ChessBase"]
[SourceDate "2012.11.22"]
[SourceVersion "1"]
[SourceVersionDate "2012.11.22"]
[SourceQuality "1"]
[WhiteTeam "Paks"]
[BlackTeam "Toth Laszlo"]
[WhiteTeamCountry "HUN"]
[BlackTeamCountry "HUN"]

1. e4 c5 2. Nf3 d6 3. d4 cxd4 4. Nxd4 Nf6 5. Nc3 a6 6. Be3 e5 7. Nb3 Be6 8. Qd2 Be7 9. f3 Nbd7 10. g4 h6 11. 0-0-0 Rc8 12. h4 Nb6 13. Qe1 Nfd7 14. Kb1 Qc7 15. Qf2 g6 16. Nd5 Bxd5 17. exd5 Na4 18. Bc1 b5 19. Bd3 Kf8 20. f4 Kg7 21. f5 Nac5 22. g5 hxg5 23. hxg5 gxf5 24. Nxc5 Nxc5 25. Bxf5 Rcf8 26. Rh6 Rfg8 27. Qh4 Qd8 28. Rh1 a5 29. Rh7+ Rxh7 30. Bxh7 1-0

[Event "HUN-chT 1112"]
[Site "Hungary"]
[Date "2012.02.19"]
[Round "6"]
[White "Salanki, Endre"]
[Black "Madl, Ildiko"]
[Result "1/2-1/2"]
[WhiteElo "2286"]
[BlackElo "2399"]
[PlyCount "54"]
[EventDate "2011.09.25"]
[EventType "team-tourn"]
[EventRounds "11"]
[EventCountry "HUN"]
[SourceTitle "EXT 2013"]
[Source "ChessBase"]
[SourceDate "2012.11.22"]
[SourceVersion "1"]
[SourceVersionDate "2012.11.22"]
[SourceQuality "1"]
[WhiteTeam "Toth Laszlo"]
[BlackTeam "Csuti"]
[WhiteTeamCountry "HUN"]
[BlackTeamCountry "HUN"]

1. c4 e5 2. Nc3 Nf6 3. g3 d5 4. cxd5 Nxd5 5. Bg2 Nb6 6. Nf3 Nc6 7. 0-0 Be7 8. d3 0-0 9. b3 Be6 10. Bb2 f5 11. Rc1 Bf6 12. Nd2 Qd7 13. b4 Nxb4 14. Bxb7 Rad8 15. a3 c6 16. axb4 Qxb7 17. Na4 Bd5 18. Nc5 Qf7 19. Qc2 f4 20. Nde4 Qh5 21. f3 fxg3 22. hxg3 Kh8 23. Kg2 Bg8 24. Bc3 Nd5 25. Bd2 Qf7 26. Ra1 Qc7 27. Ra4 Ra8 1/2-1/2

[Event "HUN-chT2 Maroczy 1011"]
[Site "Hungary"]
[Date "2010.09.12"]
[Round "1"]
[White "Bencze, Laszlo"]
[Black "Salanki, Endre"]
[Result "0-1"]
[WhiteElo "2213"]
[BlackElo "2278"]
[PlyCount "142"]
[EventDate "2010.09.12"]
[EventType "team-tourn"]
[EventRounds "11"]
[EventCountry "HUN"]
[SourceTitle "EXT 2012"]
[Source "ChessBase"]
[SourceDate "2011.11.24"]
[SourceVersion "1"]
[SourceVersionDate "2011.11.24"]
[SourceQuality "1"]
[WhiteTeam "Dunaharaszti"]
[BlackTeam "TLSE"]
[WhiteTeamCountry "HUN"]
[BlackTeamCountry "HUN"]

1. d4 d5 2. Bf4 e6 3. e3 Bd6 4. Bg3 f5 5. Nf3 Nf6 6. c4 c6 7. Nc3 0-0 8. Be2 Qe7 9. Ne5 Nbd7 10. cxd5 exd5 11. Nd3 Ne4 12. Bxd6 Qxd6 13. Bf3 Ndf6 14. Qc2 Be6 15. Rc1 g5 16. g3 Rae8 17. Na4 Bc8 18. 0-0 g4 19. Bg2 Ng5 20. Qc5 Qc7 21. Nf4 Qg7 22. Nc3 Qh6 23. Qd6 Rd8 24. Qb8 Nfe4 25. Rc2 Nf3+ 26. Bxf3 gxf3 27. Kh1 a6 28. Rfc1 Nd6 29. a4 Be6 30. Qa7 Bf7 31. b3 Rd7 32. Qb6 Re7 33. Qb4 Rfe8 34. Nb1 Ne4 35. Qe1 Bh5 36. Qf1 Bg4 37. Kg1 Ng5 38. Nd2 Nh3+ 39. Nxh3 Bxh3 40. Qd3 Rxe3 41. fxe3 Rxe3 42. Rc3 Rxd3 43. Rxd3 Qe6 44. Rxf3 Qe2 45. Rf2 Qe3 46. Rb1 Qxd4 47. Re1 b5 48. axb5 axb5 49. Nf3 Qc3 50. Re8+ Kg7 51. Ne1 Kf7 52. Rfe2 Qc5+ 53. Kh1 Bg4 54. R2e5 Qd6 55. h3 Bxh3 56. Nf3 h6 57. Kh2 Bg4 58. Nd4 Qb4 59. R5e6 f4 60. R8e7+ Qxe7 61. Rxe7+ Kxe7 62. gxf4 Bd7 63. b4 Kd6 64. Nb3 Bf5 65. Kg3 Bd3 66. Kf3 h5 67. Ke3 Bc4 68. Nd4 c5 69. bxc5+ Kxc5 70. f5 Kd6 71. Kf4 b4 0-1

[Event "HUN-chT2 Maroczy 0910"]
[Site "Hungary"]
[Date "2010.05.02"]
[Round "11"]
[White "Gyori, Szabolcs"]
[Black "Salanki, Endre"]
[Result "1/2-1/2"]
[WhiteElo "2197"]
[BlackElo "2296"]
[PlyCount "61"]
[EventDate "2009.11.08"]
[EventType "team-tourn"]
[EventRounds "11"]
[EventCountry "HUN"]
[SourceTitle "EXT 2011"]
[Source "ChessBase"]
[SourceDate "2010.11.26"]
[SourceVersion "1"]
[SourceVersionDate "2010.11.26"]
[SourceQuality "1"]
[WhiteTeam "Oroshaza"]
[BlackTeam "TLSE"]
[WhiteTeamCountry "HUN"]
[BlackTeamCountry "HUN"]

1. d4 d5 2. c4 e6 3. g3 c6 4. b3 Bb4+ 5. Bd2 Bd6 6. Bg2 f5 7. Nh3 Nf6 8. 0-0 0-0 9. Bf4 Bxf4 10. Nxf4 g5 11. Nh3 h6 12. Nc3 Qe7 13. Qc2 Na6 14. Rad1 Bd7 15. f4 g4 16. Nf2 Rac8 17. Qb2 Qh7 18. Nd3 h5 19. e3 Rfd8 20. c5 Nc7 21. b4 Kg7 22. Ne5 h4 23. Kf2 Rh8 24. Rh1 Be8 25. Qa3 Ra8 26. Qa5 Kf8 27. Qa3 Qe7 28. Qb2 Rh6 29. a4 a6 30. Ra1 Qh7 31. Rad1 1/2-1/2

[Event "HUN-chT2 Maroczy 0910"]
[Site "Hungary"]
[Date "2010.04.11"]
[Round "9"]
[White "Salanki, Endre"]
[Black "Gombos, Janos"]
[Result "1-0"]
[WhiteElo "2296"]
[BlackElo "2037"]
[PlyCount "71"]
[EventDate "2009.11.08"]
[EventType "team-tourn"]
[EventRounds "11"]
[EventCountry "HUN"]
[SourceTitle "EXT 2011"]
[Source "ChessBase"]
[SourceDate "2010.11.26"]
[SourceVersion "1"]
[SourceVersionDate "2010.11.26"]
[SourceQuality "1"]
[WhiteTeam "TLSE"]
[BlackTeam "Gyula"]
[WhiteTeamCountry "HUN"]
[BlackTeamCountry "HUN"]

1. c4 Nf6 2. Nc3 g6 3. e4 d6 4. d3 Bg7 5. g3 0-0 6. Bg2 e5 7. Nge2 c6 8. 0-0 Nh5 9. h3 f5 10. exf5 gxf5 11. f4 Qb6+ 12. Kh2 Nf6 13. Rb1 a5 14. b3 Na6 15. Na4 Qc7 16. Be3 c5 17. Nac3 Qe7 18. Qd2 Rb8 19. Rbe1 b6 20. Ng1 Nc7 21. fxe5 dxe5 22. Nf3 Nd7 23. Nh4 Nf6 24. Nxf5 Bxf5 25. Rxf5 Nd7 26. Nd5 Qd6 27. Rh5 Nf6 28. Nxf6+ Rxf6 29. Bg5 Rf7 30. Be4 Bf8 31. Re2 Re8 32. Rf2 Rxf2+ 33. Qxf2 h6 34. Qf5 Bg7 35. Bxh6 Qf6 36. Qh7+ 1-0

[Event "HUN-chT2 Maroczy 0910"]
[Site "Hungary"]
[Date "2009.12.06"]
[Round "3"]
[White "Salanki, Endre"]
[Black "Biro, Andras"]
[Result "1/2-1/2"]
[WhiteElo "2296"]
[BlackElo "2270"]
[PlyCount "82"]
[EventDate "2009.11.08"]
[EventType "team-tourn"]
[EventRounds "11"]
[EventCountry "HUN"]
[SourceTitle "EXT 2011"]
[Source "ChessBase"]
[SourceDate "2010.11.26"]
[SourceVersion "1"]
[SourceVersionDate "2010.11.26"]
[SourceQuality "1"]
[WhiteTeam "TLSE"]
[BlackTeam "MLTC II"]
[WhiteTeamCountry "HUN"]
[BlackTeamCountry "HUN"]

1. c4 Nf6 2. Nc3 g6 3. e4 d6 4. g3 Bg7 5. Bg2 c5 6. d3 Nc6 7. Nge2 Bd7 8. h3 Qc8 9. Rb1 0-0 10. a3 a6 11. Be3 h5 12. b4 cxb4 13. axb4 b5 14. c5 a5 15. cxd6 exd6 16. bxa5 b4 17. Na4 Rxa5 18. Nb6 Qa6 19. 0-0 Be6 20. Qc2 Ne5 21. Nf4 Ra2 22. Qc7 Ne8 23. Qc1 Nxd3 24. Nxd3 Qxd3 25. Rxb4 Bb3 26. Nd7 Rc2 27. Qb1 Ba2 28. Qd1 Qc3 29. Rb6 Bc4 30. Re1 Bd3 31. Nxf8 Kxf8 32. Rb8 Ke7 33. Qb1 Rb2 34. Rxe8+ Kxe8 35. Qa1 Rb8 36. Qxc3 Bxc3 37. Rd1 Rb1 38. Rxb1 Bxb1 39. f3 Kd7 40. Bf1 Ba2 41. Kf2 d5 1/2-1/2

[Event "HUN-chT2 Toth 0809"]
[Site "Hungary"]
[Date "2009.02.22"]
[Round "8.5"]
[White "Salanki, Endre"]
[Black "Nagy, Zoltan2222"]
[Result "1-0"]
[WhiteElo "2278"]
[BlackElo "2026"]
[PlyCount "65"]
[EventDate "2008.10.26"]
[EventType "team-tourn"]
[EventRounds "11"]
[EventCountry "HUN"]
[SourceTitle "EXT 2010"]
[Source "ChessBase"]
[SourceDate "2010.11.25"]
[SourceVersion "1"]
[SourceVersionDate "2010.11.25"]
[SourceQuality "1"]
[WhiteTeam "Toth Laszlo"]
[BlackTeam "Maroczy II"]
[WhiteTeamCountry "HUN"]
[BlackTeamCountry "HUN"]

1. c4 c6 2. g3 Nf6 3. Bg2 g6 4. Nc3 Bg7 5. e4 0-0 6. Nge2 d6 7. 0-0 Ne8 8. h3 f5 9. d3 fxe4 10. dxe4 Nd7 11. f4 Nc5 12. Be3 Na6 13. g4 e6 14. Rc1 Bh6 15. g5 Bg7 16. Ng3 Bd7 17. Rf2 Qc8 18. Qf1 Rf7 19. h4 Bh8 20. h5 Nec7 21. hxg6 hxg6 22. Qd3 Qf8 23. Rd1 Ne8 24. a3 Nac7 25. Rdf1 Qe7 26. Bh3 Ng7 27. e5 dxe5 28. Qxg6 exf4 29. Nge4 Nce8 30. Bc5 Qd8 31. Rxf4 Rf5 32. Bxf5 exf5 33. Rh4 1-0